|
|
|
|
| LEADER |
00000caa a22000002c 4500 |
| 001 |
164240845X |
| 003 |
DE-627 |
| 005 |
20220608140012.0 |
| 007 |
tu |
| 008 |
150223s1988 xx ||||| 00| ||ger c |
| 035 |
|
|
|a (DE-627)164240845X
|
| 035 |
|
|
|a (DE-576)426627768
|
| 035 |
|
|
|a (DE-599)BSZ426627768
|
| 040 |
|
|
|a DE-627
|b ger
|c DE-627
|e rakwb
|
| 041 |
|
|
|a ger
|
| 245 |
0 |
0 |
|a Jugendsexualität
|b Heftthema
|c Helmut Kender ...
|
| 264 |
|
1 |
|c 1988
|
| 336 |
|
|
|a Text
|b txt
|2 rdacontent
|
| 337 |
|
|
|a ohne Hilfsmittel zu benutzen
|b n
|2 rdamedia
|
| 338 |
|
|
|a Band
|b nc
|2 rdacarrier
|
| 700 |
1 |
|
|a Kender, Helmut
|4 oth
|
| 773 |
0 |
8 |
|i In
|a pro familia, Deutsche Gesellschaft für Sexualberatung und Familienplanung
|t Pro-Familia-Magazin
|d Braunschweig : Holtzmeyer, 1983
|g 16(1988), 4, Seite 1-25
|w (DE-627)130753165
|w (DE-600)996126-4
|w (DE-576)016299922
|x 0175-2960
|7 nnas
|
| 773 |
1 |
8 |
|g volume:16
|g year:1988
|g number:4
|g pages:1-25
|
| 951 |
|
|
|a AR
|
| ELC |
|
|
|b 1
|
| LOK |
|
|
|0 000 xxxxxcx a22 zn 4500
|
| LOK |
|
|
|0 001 3306408093
|
| LOK |
|
|
|0 003 DE-627
|
| LOK |
|
|
|0 004 164240845X
|
| LOK |
|
|
|0 005 20150223134551
|
| LOK |
|
|
|0 008 150223||||||||||||||||ger|||||||
|
| LOK |
|
|
|0 040
|a DE-21-110
|c DE-627
|d DE-21-110
|
| LOK |
|
|
|0 689
|a s
|a Sexualverhalten
|
| LOK |
|
|
|0 689
|a s
|a AIDS
|
| LOK |
|
|
|0 852
|z Kein Bestand am IfK; Nachweis für KrimDok
|
| LOK |
|
|
|0 852
|a DE-21-110
|
| LOK |
|
|
|0 852 1
|m v
|9 00
|
| LOK |
|
|
|0 935
|a k110
|
| LOK |
|
|
|0 938
|k v
|
| LOK |
|
|
|0 939
|a 23-02-15
|b l01
|
| ORI |
|
|
|a SA-MARC-krimdoka001.raw
|